| 000 | 00409nam a2200169Ia 4500 | ||
|---|---|---|---|
| 001 | 6898 | ||
| 003 | IN-NITTTR | ||
| 005 | 20251114233023.0 | ||
| 008 | 251113s9999||||xx |||||||||||||| ||eng|| | ||
| 040 | _beng | ||
| 040 | _cIN-NITTTR | ||
| 041 | _aeng | ||
| 082 | _a621.384133 H157U | ||
| 100 | _aHallmark, Clayton | ||
| 245 | 0 |
_aUnderstanding & using the oscilloscope. / _cHallmark, Clayton |
|
| 942 |
_2ddc _cBK |
||
| 999 |
_c9536 _d9536 |
||